Đồng cỏ và cây thức ăn gia súc nhiệt đới: T2

Tallennettuna:
Bibliografiset tiedot
Päätekijä: Trịnh Văn Thịnh ...[et al.]
Aineistotyyppi: Kirja
Kieli:Undetermined
Julkaistu: Hà Nội KHKT 1974
Aiheet:
Tagit: Lisää tagi
Ei tageja, Lisää ensimmäinen tagi!
Thư viện lưu trữ: Trung tâm Học liệu Trường Đại học Cần Thơ
LEADER 00581nam a2200193Ia 4500
001 CTU_12935
008 210402s9999 xx 000 0 und d
082 |a 633.2 
082 |b Đ455 
100 |a Trịnh Văn Thịnh ...[et al.] 
245 0 |a Đồng cỏ và cây thức ăn gia súc nhiệt đới: T2 
245 0 |c Trịnh Văn Thịnh ...[et al.] 
260 |a Hà Nội 
260 |b KHKT 
260 |c 1974 
526 |a Cây thức ăn gia súc 
526 |b NN372 
650 |a pastures 
980 |a Trung tâm Học liệu Trường Đại học Cần Thơ